Music Quiz

Random Music or Song Quiz

O Canada Lyrics Quiz Stats

 Plays Quiz Updated Dec 27, 2018

Score 0/63 Timer 05:00
0 Plays Today
Lyrics % Correct
O
99.7%
O
99.7%
O
99.7%
O
99.7%
Canada!
99.4%
Canada
99.4%
Canada,
99.4%
Canada,
99.4%
The
93%
land!
92%
land
92%
and
91.8%
and
91.8%
and
91.8%
and
91.8%
Our
90.4%
our
90.4%
we
89.1%
we
89.1%
we
89.1%
we
89.1%
home
86.3%
native
81.5%
for
80.7%
for
80.7%
for
80.7%
thee
79.9%
thee.
79.9%
thee.
79.9%
thee.
79.9%
on
79.2%
on
79.2%
Lyrics % Correct
on
79.2%
love
77.1%
stand
74.8%
stand
74.8%
stand
74.8%
True
72%
True
72%
in
71.2%
free!
71%
free!
71%
guard
70.2%
guard
70.2%
guard
70.2%
all
68.5%
patriot
67.1%
God
63.4%
command.
63.3%
us
62.5%
With
61%
of
60.5%
see
59.9%
hearts
59.8%
North
59.6%
strong
57.3%
glorious
56.8%
From
56.3%
keep
56.2%
rise,
53.5%
glowing
53%
far
50.5%
wide,
50.2%

You're not logged in!

Compare scores with friends on all Sporcle quizzes.
OR
Log In

Show Comments

Extras

Top Quizzes Today


Score Distribution

Your Account Isn't Verified!

In order to create a playlist on Sporcle, you need to verify the email address you used during registration. Go to your Sporcle Settings to finish the process.

Report this User

Report this user for behavior that violates our Community Guidelines.

Details: